| 000 | 01106nam a2200265Ia 4500 | ||
|---|---|---|---|
| 003 | OSt | ||
| 005 | 20221005104739.0 | ||
| 006 | a|||||r|||| 00| 0 | ||
| 007 | ta | ||
| 008 | 221004b |||||||| |||| 00| 0 hin d | ||
| 020 |
_a9789380172439 (hbk) _c320 |
||
| 024 | _a8583 | ||
| 037 |
_b20476, 08/01/2014, Hindi Madhyam Karyanvyan Nideshalye _cTextual |
||
| 040 |
_aCRL _cCRL _bhin |
||
| 041 |
_2hin _ahin |
||
| 082 | _aY15:4.2, 152P6 | ||
| 100 | _aजोशी, गोपा | ||
| 245 | 0 |
_aभारत में स्त्री असमानता _b एक विमर्श |
|
| 246 | _aBhārat mean strī asamānatā: ek vimarsha | ||
| 260 |
_aदिल्ली _bविश्वविद्यालय हिन्दी माध्यम कार्यान्वय निदेशालय भारत _c2006 |
||
| 300 |
_a419पृ0 _ccm. |
||
| 650 | _aभारतीय-लोक साहित्य | ||
| 942 |
_hY15:4.2, 152P6 _cTEXL _2cc |
||
| 999 |
_c1013663 _d1013663 |
||